000 00316nam a2200133Ia 4500
008 150201s2010 xx 000 0 und d
082 _a617
_bS010S
100 _aSHRIVASTAVA,UK
245 _aAN APPROACH TO SURGICAL EMERGENCY
250 _a1ST
260 _bCBS
_aDELHI
_c2010
650 _aSURGERY
942 _2ddc
_cBK
_01
999 _c654
_d654